De la démocratie en Amérique / (Record no. 177824)
[ view plain ]
| 000 -LEADER | |
|---|---|
| campo de control de longitud fija | 01332nam a2200349 i 4500 |
| 001 - NÚMERO DE CONTROL | |
| campo de control | 177824 |
| 003 - IDENTIFICADOR DE NÚMERO DE CONTROL | |
| campo de control | ES-MaACL |
| 005 - FECHA Y HORA DE LA ÚLTIMA TRANSACCIÓN | |
| campo de control | 20230906224230.0 |
| 008 - DATOS DE LONGITUD FIJA--INFORMACIÓN GENERAL | |
| campo de control de longitud fija | 110428s1990 fr af |||| | fre d |
| 017 ## - NÚMERO DE COPYRIGHT O DE DEPÓSITO LEGAL | |
| Número de copyright o de depósito legal | 2-7116-1009-8 ( vl 1) |
| 017 ## - NÚMERO DE COPYRIGHT O DE DEPÓSITO LEGAL | |
| Número de copyright o de depósito legal | 2-7116-1010-1 ( vl 2) |
| 020 ## - NÚMERO INTERNACIONAL ESTÁNDAR DEL LIBRO | |
| Número Internacional Estándar del Libro | 2-7116-1008-X |
| 080 ## - NÚMERO DE LA CLASIFICACIÓN DECIMAL UNIVERSAL | |
| Número de la Clasificación Decimal Universal | 973"18" |
| 080 ## - NÚMERO DE LA CLASIFICACIÓN DECIMAL UNIVERSAL | |
| Número de la Clasificación Decimal Universal | 308(73)"18" |
| 100 1# - ENTRADA PRINCIPAL--NOMBRE DE PERSONA | |
| Nombre de persona | Tocqueville, Alexis de. |
| 9 (RLIN) | 110392 |
| 245 10 - MENCIÓN DEL TÍTULO | |
| Título | De la démocratie en Amérique / |
| Mención de responsabilidad, etc. | Alexis de Tocqueville ; première édition historico-critique revue et augmentée par Eduardo Nolla, avec 10 illustrations hors-texte. |
| 260 ## - PUBLICACIÓN, DISTRIBUCIÓN, ETC. | |
| Lugar de publicación, distribución, etc. | Paris : |
| Nombre del editor, distribuidor, etc. | Librairie Philosophique J. Vrin, |
| Fecha de publicación, distribución, etc. | 1990. |
| 300 ## - DESCRIPCIÓN FÍSICA | |
| Extensión | 2 v. (LXXXI ,338 p. ; 359 p. ; [10] h. de lám.) ; |
| Dimensiones | 27 cm. |
| 490 1# - MENCIÓN DE SERIE | |
| Mención de serie | Bibliothèque des textes philosophiques |
| 500 ## - NOTA GENERAL | |
| Nota general | Índices. |
| 504 ## - NOTA DE BIBLIOGRAFÍA, ETC. | |
| Nota de bibliografía, etc. | Bibliografía: v. 2, p. 334-352. |
| 650 04 - PUNTO DE ACCESO ADICIONAL DE MATERIA--TÉRMINO DE MATERIA | |
| Término de materia o nombre geográfico como elemento de entrada | Democracia- |
| Subdivisión geográfica | Estados Unidos. |
| 9 (RLIN) | 11567 |
| 651 #4 - PUNTO DE ACCESO ADICIONAL DE MATERIA--NOMBRE GEOGRÁFICO | |
| Nombre geográfico | Estados Unidos- |
| Subdivisión general | Política y gobierno- |
| Subdivisión cronológica | S.XIX. |
| 9 (RLIN) | 172072 |
| 700 1# - ENTRADA AGREGADA--NOMBRE PERSONAL | |
| Nombre de persona | Nolla, Eduardo. |
| 9 (RLIN) | 85914 |
| 830 0# - PUNTO DE ACCESO ADICIONAL DE SERIE-TÍTULO UNIFORME | |
| Título uniforme | Bibliothèque des textes philosophiques |
| 9 (RLIN) | 182654 |
| 852 ## - LOCALIZACIÓN | |
| Ubicación | ES-MaACL |
| itemnumber | R.145468 |
| Número de control de estantería | A-11110 |
| Signatura antigua | Olim:N-4115 |
| Ubicación en estantería | Depósito 1 |
| 852 ## - LOCALIZACIÓN | |
| Ubicación | ES-MaACL |
| itemnumber | R.145468 |
| Número de control de estantería | A-11111 |
| Signatura antigua | Olim:N-4116 |
| Ubicación en estantería | Depósito 1 |
| 903 ## - NOMBRE PERSONAL DE DONANTE | |
| e | Donante |
| 942 ## - ELEMENTOS DE ENTRADA SECUNDARIOS (KOHA) | |
| Fuente del sistema de clasificación o colocación | Clasificación decimal universal |
| Tipo de ítem Koha | Libro impreso |
| Estatus retirado | Estado de pérdida | Fuente del sistema de clasificación o colocación | Estado de daño | No para préstamo | Biblioteca de origen | Biblioteca actual | Ubicación en estantería | Fecha de adquisición | Fuente de adquisición | Enumeración/cronología de publicación seriada | Total de préstamos | Signatura topográfica completa | Código de barras | Visto por última vez | Precio de reemplazo | Tipo de ítem Koha | Información codificada de la localización en otra ubicación |
|---|---|---|---|---|---|---|---|---|---|---|---|---|---|---|---|---|---|
| Clasificación decimal universal | Biblioteca del Ateneo de Madrid | Biblioteca del Ateneo de Madrid | Sala Pecera Depósito 2 | 28/04/2011 | Donación | v.1 | A-11110 | 1186809 | 23/02/2023 | 23/02/2023 | Libro impreso | ||||||
| Clasificación decimal universal | Biblioteca del Ateneo de Madrid | Biblioteca del Ateneo de Madrid | Depósito 1 | 28/08/2023 | Donación | v.2 | A-11111 | 101205770 | 28/08/2023 | 28/08/2023 | Libro impreso | A-11111 |
